000 00293nam a2200109Ia 4500
008 201216s9999 xx 000 0 und d
100 _aThomas, R.E.
245 0 _aThomas Stowage : The properties & Stowage of cargoes
260 _aGlasgow
_bBrown,Son &Ferguson Ltd.
300 _a370
942 _cBK
999 _c6447
_d6447